Vplyv jednotlivých nástrojov marketingovej komunikácie na správanie spotrebiteľov bakalárska práca

Guardado en:
Detalles Bibliográficos
Autor principal: Klobučník, Roman
Autor Corporativo: Obchodná fakulta EU. Katedra marketingu
Otros Autores: Korčoková, Marína, 1970-
Formato: Libro
Lenguaje:eslovaco
Publicado: Bratislava 2021
Etiquetas: Agregar Etiqueta
Sin Etiquetas, Sea el primero en etiquetar este registro!

MARC

LEADER 00000nbm a2200000 4500
001 0275941
005 20220127121811.5
041 0 |a slo 
044 |a SK 
245 1 0 |a Vplyv jednotlivých nástrojov marketingovej komunikácie na správanie spotrebiteľov  |b bakalárska práca  |c Roman Klobučník ; školiteľ: Marína Korčoková 
264 1 |a Bratislava  |c 2021 
300 |a 52 s. 
100 1 |a Klobučník, Roman 
700 1 |a Korčoková, Marína, 1970- 
710 2 |a Obchodná fakulta EU. Katedra marketingu